000 00562nam a2200157Ia 4500
008 170221s9999 xx 000 0 und d
100 _aZhengxiang Ma
245 _aLiterature Review of Spread Spectrum Signaling: Performance, Applications and Implementation
245 _cZhengxiang Ma, Tiejun Chen, Min Zhang, Pawel D. Kecerski, and Shuping Dang
260 _bJournal of Communications
260 _c2012
300 _a3 :
650 _xCommunication
650 _xMedia Arts
856 _uhttp://www.jocm.us/index.php?m=content&c=index&a=lists&catid=154
999 _c308946
_d308946